Subdesarrollo y estancamiento en América Latina

Сохранить в:
Библиографические подробности
Главный автор: Furtado, Celso (Автор)
Формат:
Язык:испанский
Опубликовано: Buenos Aires EUDEBA 1969
Редактирование:2a. ed
Серии:Biblioteca de América. Libros del Tiempo Nuevo
Предметы:
Метки: Добавить метку
Нет меток, Требуется 1-ая метка записи!

MARC

LEADER 00000nam a2200000 a 4500
001 UCU2505
003 CL-VaPUC
008 960426e19690700AG |||||||||||||||||spa|d
082 0 4 |a 339.46  |b FUR  |2 21 
100 0 |a Furtado, Celso  |e author  |9 358703 
245 1 0 |a Subdesarrollo y estancamiento en América Latina 
250 |a 2a. ed 
300 |a 135 p 
942 |c BK 
945 |d 19960426 00:00:00  |a cmena 
260 |a Buenos Aires  |b EUDEBA  |c 1969 
650 0 |a Desarrollo económico y social   |9 256320 
650 0 |a Países en desarrollo  |9 259663 
650 0 |a Política económica   |9 255029 
650 7 |a SUBDESARROLLO  |2 CL-VaPUC  |9 337696 
651 0 |a Brasil  |9 267393 
651 0 |a América Latina   |9 255027 
583 |a last modification  |c 19960426 00:00:00  |k Rodrigo Vera 
490 0 |a Biblioteca de América. Libros del Tiempo Nuevo 
999 |c 246780  |d 246778 
952 |0 0  |1 0  |4 0  |6 339_460000000000000_FUR_1969  |7 0  |8 A  |9 261991  |a BIBING  |b BIBING  |d 2019-11-19  |i 1644238  |o 339.46 FUR 1969  |p 1644238  |r 2025-01-20  |w 2019-11-19  |y BK  |k GEO 
952 |0 0  |1 0  |4 0  |6 339_460000000000000_FUR_1969  |7 0  |8 P  |9 261992  |a BIBDER  |b BIBDER  |d 2019-11-19  |i 1799568  |o 339.46 FUR 1969  |p 1799568  |r 2023-01-25  |w 2019-11-19  |y BK  |k DER